000 00396nam a22001457a 4500
005 20241017170558.0
008 241017b |||||||| |||| 00| 0 eng d
020 _a0216923492
050 _aQA 39.2 .M38 1989 V.5
_bC.1
100 _aHOWAT,ROBIN
245 _aMATHEMATICS IN ACTION
260 _aBRITAIN
_b BRITISH LIBRARY
_c1989
300 _a237 P.
942 _2lcc
_cBK
999 _c213146
_d213146